Score 0/13 Timer 01:00
0 Plays Today
% Correct
Cruella de Vil
86.5%
Loki
83.6%
Lord Voldemort
81.5%
Alfred
79.8%
Magneto
76.9%
Robin
72.9%
Sauron
72.3%
Emperor Palpatine
70.4%
Night-wing
68.5%
Venom
66.7%
Shredder
63.1%
Red Skull
61.8%
Juggernaut
58.8%
Remove Ads.
Support Sporcle.
Get the best of Sporcle when you Go Orange. This ad-free experience offers more features, more stats, and more fun while also helping to support Sporcle. Thank you for becoming a member.

You're not logged in!

Compare scores with friends on all Sporcle quizzes.
OR
Log In

Sporcle TV

Today on Sporcle TV


Watch our educational content, quiz creation guides, and fun videos on Sporcle TV.

Show Comments

Extras

Top Quizzes Today


Score Distribution

Paid Content

Your Account Isn't Verified!

In order to create a playlist on Sporcle, you need to verify the email address you used during registration. Go to your Sporcle Settings to finish the process.

Report this User

Report this user for behavior that violates our Community Guidelines.

Details: